000 00662nam a22002057a 4500
003 OSt
005 20250826003654.0
008 250826b |||||||| |||| 00| 0 eng d
020 _a9789712729720
040 _cOC
082 _2Revised edition
_aFil. 658.8 Ac168p 2014
100 _aAC-AC, MARIA VICTORIA M.
245 _aPrinciples of marketing /
_cAC-AC, MARIA VICTORIA M.
250 _arevised edition. - -
260 _aMandaluyong City, Philippines :
_bAnvil,
_c c2014.
300 _ax, 259 pages :
_b illustrations ;
_c26 cm.
504 _aIncludes bibliography.
650 _2Marketing. I. Title.
942 _2ddc
_cBK - FIL
_erevised edition
_kFil.
_n0
999 _c4214
_d4214